000
00313nam a2200109Ia 4500
008
220204s9999 xx 000 0 und d
082
_b
FRE
100
_a
Freifelded, Morris
245
0
_a
Catalytic hydrogenation in organic synthesis: Procedures and commentary
260
_a
New York
_b
John Wiley
_c
1978
942
_c
BK
999
_c
31361
_d
31361